| 000 | 00467nam a2200169 a 4500 | ||
|---|---|---|---|
| 001 | 1105 | ||
| 005 | 20140414132003.0 | ||
| 008 | 041020s19uu xx 00 eng d | ||
| 020 | _a971-134-033-X | ||
| 050 |
_aTR 782.42 _bT111 1988 |
||
| 100 | _aTawag, Marina N. | ||
| 245 |
_aPre-school hits! action songs / _cMarina N. Tawag. |
||
| 260 |
_aMakati : _bBookmark, _c1988. |
||
| 300 | _a28 p. : ill. ; cm. | ||
| 650 |
_aSongs _xJuvenile literature. |
||
| 999 |
_c113117 _d113117 |
||